[Event "Stay Safe Play From Home 383"]
[Site "Emanuel Lasker Arena"]
[Date "2020.08.14"]
[Round "7"]
[White "Trotsky"]
[Black "Lazieri3"]
[Result "0-1"]
[WhiteElo "1576"]
[BlackElo "2110"]
[PlyCount "60"]
[EventDate "2020.08.14"]
[EventType "swiss (blitz)"]

1. d4 {[%emt 0:00:02]} c6 {[%emt 0:00:00]} 2. e3 {[%emt 0:00:01]} d5 {[%emt 0:00:00]} 3. c4 {[%emt 0:00:01]} Nf6 {[%emt 0:00:01]} 4. Nc3 {[%emt 0:00:01]} Bg4 {[%emt 0:00:01]} 5. f3 {[%emt 0:00:02]} Bf5 {[%emt 0:00:01]} 6. c5 {[%emt 0:00:02]} e6 {[%emt 0:00:01]} 7. Bd3 {[%emt 0:00:01]} Bxd3 {[%emt 0:00:01]} 8. Qxd3 {[%emt 0:00:01]} h6 {[%emt 0:00:00]} 9. Bd2 {[%emt 0:00:01]} Nbd7 {[%emt 0:00:00]} 10. O-O-O {[%emt 0:00:01]} e5 {[%emt 0:00:00]} 11. h4 {[%emt 0:00:01]} Be7 {[%emt 0:00:01]} 12. Nh3 {[%emt 0:00:01]} Qc7 {[%emt 0:00:01]} 13. Kb1 {[%emt 0:00:01]} O-O-O {[%emt 0:00:01]} 14. Qc2 {[%emt 0:00:01]} Rhe8 {[%emt 0:00:01]} 15. Rc1 {[%emt 0:00:01]} Kb8 {[%emt 0:00:04]} 16. Qa4 {[%emt 0:00:01]} Ka8 {[%emt 0:00:01]} 17. Rc2 {[%emt 0:00:01]} Nh5 {[%emt 0:00:03]} 18. Rhc1 {[%emt 0:00:01]} Ng3 {[%emt 0:00:01]} 19. Nb5 {[%emt 0:00:02]} cxb5 {[%emt 0:00:02]} 20. Qxb5 {[%emt 0:00:01]} Ne2 {[%emt 0:00:01]} 21. Rd1 {[%emt 0:00:11]} Qc6 {[%emt 0:00:02]} 22. Qb4 {[%emt 0:00:02]} exd4 {[%emt 0:00:03]} 23. Nf2 {[%emt 0:00:02]} dxe3 {[%emt 0:00:02]} 24. Nd3 {[%emt 0:00:03]} exd2 {[%emt 0:00:02]} 25. Rcxd2 {[%emt 0:00:02]} Bf6 {[%emt 0:00:04]} 26. Nf4 {[%emt 0:00:04]} Nxf4 {[%emt 0:00:01]} 27. Rc1 {[%emt 0:00:05]} Bxh4 {[%emt 0:00:04]} 28. a4 {[%emt 0:00:01]} Bg5 {[%emt 0:00:02]} 29. Rdc2 {[%emt 0:00:02]} Nd3 {[%emt 0:00:01]} 30. Rd1 {[%emt 0:00:02]} Nxb4 {[%emt 0:00:01] Trotsky Ñäàåòñÿ Trotsky Ñäàåòñÿ Trotsky Ñäàåòñÿ (Lag: Av=0.44s, max=0.7s) (Lag: Av=0.44s, max=0.7s) (Lag: Av=0.44s, max=0.7s)} 0-1

[Event "Stay Safe Play From Home 383"]
[Site "Emanuel Lasker Arena"]
[Date "2020.08.14"]
[Round "8"]
[White "Mepe_Nika"]
[Black "Hickey"]
[Result "1-0"]
[WhiteElo "2305"]
[BlackElo "2154"]
[PlyCount "113"]
[EventDate "2020.08.14"]
[EventType "swiss (blitz)"]

1. d4 {[%emt 0:00:01]} Nf6 {[%emt 0:00:03]} 2. Bf4 {[%emt 0:00:01]} e6 {[%emt 0:00:00]} 3. e3 {[%emt 0:00:01]} d5 {[%emt 0:00:01]} 4. Nf3 {[%emt 0:00:01]} c5 {[%emt 0:00:00]} 5. c3 {[%emt 0:00:01]} Nc6 {[%emt 0:00:00]} 6. Nbd2 {[%emt 0:00:00]} Bd6 {[%emt 0:00:00]} 7. Bxd6 {[%emt 0:00:01]} Qxd6 {[%emt 0:00:00]} 8. Bb5 {[%emt 0:00:01]} O-O {[%emt 0:00:02]} 9. O-O {[%emt 0:00:01]} Bd7 {[%emt 0:00:01]} 10. Bxc6 {[%emt 0:00:01]} Bxc6 {[%emt 0:00:00]} 11. Ne5 {[%emt 0:00:00]} Nd7 {[%emt 0:00:01]} 12. f4 {[%emt 0:00:01]} f6 {[%emt 0:00:01]} 13. Nxd7 {[%emt 0:00:01]} Bxd7 {[%emt 0:00:01]} 14. Nf3 {[%emt 0:00:01]} Rae8 {[%emt 0:00:01]} 15. Re1 {[%emt 0:00:01]} b6 {[%emt 0:00:01]} 16. a4 {[%emt 0:00:01]} a6 {[%emt 0:00:02]} 17. a5 {[%emt 0:00:02]} b5 {[%emt 0:00:01]} 18. Qd2 {[%emt 0:00:00]} c4 {[%emt 0:00:02]} 19. Re2 {[%emt 0:00:03]} Bc6 {[%emt 0:00:01]} 20. Rae1 {[%emt 0:00:01]} Re7 {[%emt 0:00:01]} 21. Qc2 {[%emt 0:00:01]} Be8 {[%emt 0:00:05]} 22. Nd2 {[%emt 0:00:02]} Bg6 {[%emt 0:00:00]} 23. Qc1 {[%emt 0:00:01]} Bd3 {[%emt 0:00:02]} 24. Rf2 {[%emt 0:00:01]} Be4 {[%emt 0:00:02]} 25. Nxe4 {[%emt 0:00:01]} dxe4 {[%emt 0:00:00]} 26. Rd2 {[%emt 0:00:02]} Qd5 {[%emt 0:00:01]} 27. Qd1 {[%emt 0:00:02]} f5 {[%emt 0:00:02]} 28. Qh5 {[%emt 0:00:01]} Rf6 {[%emt 0:00:01]} 29. Kh1 {[%emt 0:00:01]} Rh6 {[%emt 0:00:01]} 30. Qg5 {[%emt 0:00:01]} Rf7 {[%emt 0:00:01]} 31. Qg3 {[%emt 0:00:02]} Rff6 {[%emt 0:00:01]} 32. Qf2 {[%emt 0:00:02]} Rfg6 {[%emt 0:00:01]} 33. Rg1 {[%emt 0:00:00]} Rh5 {[%emt 0:00:01]} 34. g3 {[%emt 0:00:01]} Rgh6 {[%emt 0:00:01]} 35. Rg2 {[%emt 0:00:01]} Rg6 {[%emt 0:00:01]} 36. Rd1 {[%emt 0:00:01]} Rg4 {[%emt 0:00:02]} 37. Rdg1 {[%emt 0:00:01]} Rh3 {[%emt 0:00:00]} 38. Qf1 {[%emt 0:00:02]} Rh6 {[%emt 0:00:03]} 39. Rd2 {[%emt 0:00:02]} Rf6 {[%emt 0:00:01]} 40. h3 {[%emt 0:00:01]} Rgg6 {[%emt 0:00:01]} 41. Rdg2 {[%emt 0:00:02]} Rh6 {[%emt 0:00:00]} 42. Rh2 {[%emt 0:00:01]} Rfg6 {[%emt 0:00:01]} 43. g4 {[%emt 0:00:01]} Kf7 {[%emt 0:00:01]} 44. g5 {[%emt 0:00:02]} Rh4 {[%emt 0:00:03]} 45. Qf2 {[%emt 0:00:01]} Rh5 {[%emt 0:00:00]} 46. Qe2 {[%emt 0:00:00]} Rh4 {[%emt 0:00:01]} 47. Rb1 {[%emt 0:00:00]} Ke7 {[%emt 0:00:02]} 48. Qf2 {[%emt 0:00:00]} Rh5 {[%emt 0:00:01]} 49. Qe2 {[%emt 0:00:01]} Rh4 {[%emt 0:00:01]} 50. Qe1 {[%emt 0:00:00]} Rh5 {[%emt 0:00:01]} 51. Qd1 {[%emt 0:00:00]} Rh4 {[%emt 0:00:01]} 52. b3 {[%emt 0:00:00]} cxb3 {[%emt 0:00:01]} 53. Rxb3 {[%emt 0:00:01]} h6 {[%emt 0:00:00]} 54. Qe1 {[%emt 0:00:01]} hxg5 {[%emt 0:00:00]} 55. c4 {[%emt 0:00:01]} Rh5 {[%emt 0:00:00]} 56. cxd5 {[%emt 0:00:01]} exd5 {[%emt 0:00:00]} 57. Qb4+ {[%emt 0:00:00] Time Time Time (Lag: Av=0.59s, max=1.1s) (Lag: Av=0.59s, max=1.1s) (Lag: Av=0.59s, max=1.1s)} 1-0

[Event "Stay Safe Play From Home 383"]
[Site "Emanuel Lasker Arena"]
[Date "2020.08.14"]
[Round "8"]
[White "Lazieri3"]
[Black "IceQueen"]
[Result "0-1"]
[WhiteElo "2112"]
[BlackElo "2241"]
[PlyCount "72"]
[EventDate "2020.08.14"]
[EventType "swiss (blitz)"]

1. e4 {[%emt 0:00:01]} c5 {[%emt 0:00:00]} 2. Nc3 {[%emt 0:00:00]} Nc6 {[%emt 0:00:00]} 3. d3 {[%emt 0:00:00]} d6 {[%emt 0:00:03]} 4. Nf3 {[%emt 0:00:00]} Nf6 {[%emt 0:00:00]} 5. Be3 {[%emt 0:00:01]} g6 {[%emt 0:00:00]} 6. Qd2 {[%emt 0:00:01]} Rb8 {[%emt 0:00:02]} 7. a4 {[%emt 0:00:03]} a6 {[%emt 0:00:01]} 8. Bh6 {[%emt 0:00:01]} b5 {[%emt 0:00:01]} 9. Bxf8 {[%emt 0:00:01]} Rxf8 {[%emt 0:00:01]} 10. Qh6 {[%emt 0:00:01]} b4 {[%emt 0:00:01]} 11. Ne2 {[%emt 0:00:01]} Bg4 {[%emt 0:00:03]} 12. Ng5 {[%emt 0:00:01]} Qd7 {[%emt 0:00:04]} 13. f3 {[%emt 0:00:05]} Be6 {[%emt 0:00:01]} 14. Nxh7 {[%emt 0:00:02]} Nxh7 {[%emt 0:00:00]} 15. Qxh7 {[%emt 0:00:01]} Kd8 {[%emt 0:00:00]} 16. b3 {[%emt 0:00:04]} Kc7 {[%emt 0:00:01]} 17. Qh4 {[%emt 0:00:03]} f5 {[%emt 0:00:01]} 18. exf5 {[%emt 0:00:01]} gxf5 {[%emt 0:00:00]} 19. Qf4 {[%emt 0:00:02]} Bd5 {[%emt 0:00:03]} 20. g3 {[%emt 0:00:01]} e5 {[%emt 0:00:00]} 21. Qe3 {[%emt 0:00:02]} f4 {[%emt 0:00:00]} 22. gxf4 {[%emt 0:00:03]} exf4 {[%emt 0:00:00]} 23. Qf2 {[%emt 0:00:01]} Rbe8 {[%emt 0:00:00]} 24. O-O-O {[%emt 0:00:01]} Qg7 {[%emt 0:00:00]} 25. Kb1 {[%emt 0:00:02]} Re3 {[%emt 0:00:04]} 26. Nxf4 {[%emt 0:00:05]} Re5 {[%emt 0:00:06]} 27. Nxd5+ {[%emt 0:00:01]} Rxd5 {[%emt 0:00:00]} 28. Bg2 {[%emt 0:00:02]} Rdf5 {[%emt 0:00:01]} 29. f4 {[%emt 0:00:01]} Nd4 {[%emt 0:00:03]} 30. Qg3 {[%emt 0:00:03]} Qf6 {[%emt 0:00:03]} 31. Rde1 {[%emt 0:00:02]} Rxf4 {[%emt 0:00:01]} 32. Rhf1 {[%emt 0:00:04]} Kb6 {[%emt 0:00:07]} 33. Rxf4 {[%emt 0:00:02]} Qxf4 {[%emt 0:00:00]} 34. Qxf4 {[%emt 0:00:00]} Rxf4 {[%emt 0:00:00]} 35. Re7 {[%emt 0:00:01]} a5 {[%emt 0:00:03]} 36. Rb7+ {[%emt 0:00:00]} Ka6 {[%emt 0:00:00] Time Time Time (Lag: Av=0.54s, max=1.0s) (Lag: Av=0.54s, max=1.0s) (Lag: Av=0.54s, max=1.0s)} 0-1

[Event "Stay Safe Play From Home 383"]
[Site "Emanuel Lasker Arena"]
[Date "2020.08.14"]
[Round "8"]
[White "TheCHESSHOUSE"]
[Black "Trotsky"]
[Result "0-1"]
[WhiteElo "2060"]
[BlackElo "1575"]
[PlyCount "78"]
[EventDate "2020.08.14"]
[EventType "swiss (blitz)"]

1. d4 {[%emt 0:00:02]} d5 {[%emt 0:00:01]} 2. c4 {[%emt 0:00:00]} e6 {[%emt 0:00:00]} 3. g3 {[%emt 0:00:01]} c5 {[%emt 0:00:01]} 4. Bg2 {[%emt 0:00:01]} Nc6 {[%emt 0:00:01]} 5. dxc5 {[%emt 0:00:01]} Bxc5 {[%emt 0:00:01]} 6. cxd5 {[%emt 0:00:01]} exd5 {[%emt 0:00:01]} 7. Nf3 {[%emt 0:00:04]} Be6 {[%emt 0:00:01]} 8. O-O {[%emt 0:00:01]} Qc7 {[%emt 0:00:01]} 9. a3 {[%emt 0:00:00]} Bd6 {[%emt 0:00:01]} 10. b4 {[%emt 0:00:01]} Nf6 {[%emt 0:00:01]} 11. Bb2 {[%emt 0:00:00]} Ng4 {[%emt 0:00:01]} 12. Nc3 {[%emt 0:00:01]} a6 {[%emt 0:00:03]} 13. Nxd5 {[%emt 0:00:01]} Bxd5 {[%emt 0:00:01]} 14. Qxd5 {[%emt 0:00:00]} O-O-O {[%emt 0:00:01]} 15. Qf5+ {[%emt 0:00:01]} Kb8 {[%emt 0:00:03]} 16. Qxg4 {[%emt 0:00:01]} h5 {[%emt 0:00:01]} 17. Qxg7 {[%emt 0:00:01]} h4 {[%emt 0:00:01]} 18. gxh4 {[%emt 0:00:07]} Bxh2+ {[%emt 0:00:03]} 19. Nxh2 {[%emt 0:00:01]} Rdf8 {[%emt 0:00:02]} 20. Bxc6 {[%emt 0:00:03]} Rfg8 {[%emt 0:00:01]} 21. Bg2 {[%emt 0:00:04]} Rxg7 {[%emt 0:00:04]} 22. Bxg7 {[%emt 0:00:00]} Rg8 {[%emt 0:00:01]} 23. Bf6 {[%emt 0:00:04]} Rg6 {[%emt 0:00:03]} 24. Bd4 {[%emt 0:00:04]} Qc6 {[%emt 0:00:01]} 25. Nf3 {[%emt 0:00:02]} Qe4 {[%emt 0:00:02]} 26. Rac1 {[%emt 0:00:03]} Rg4 {[%emt 0:00:06]} 27. Be5+ {[%emt 0:00:01]} Ka7 {[%emt 0:00:04]} 28. Rc8 {[%emt 0:00:02]} Qg6 {[%emt 0:00:02]} 29. Bd4+ {[%emt 0:00:01]} b6 {[%emt 0:00:02]} 30. Rc7+ {[%emt 0:00:08]} Kb8 {[%emt 0:00:01]} 31. Be5 {[%emt 0:00:01]} Ka8 {[%emt 0:00:02]} 32. Bg3 {[%emt 0:00:01]} Rxg3 {[%emt 0:00:02]} 33. fxg3 {[%emt 0:00:00]} Qxg3 {[%emt 0:00:01]} 34. Rfc1 {[%emt 0:00:00]} b5 {[%emt 0:00:02]} 35. Rc8+ {[%emt 0:00:00]} Kb7 {[%emt 0:00:01]} 36. R1c7+ {[%emt 0:00:00]} Kb6 {[%emt 0:00:01]} 37. Rc6+ {[%emt 0:00:00]} Kb7 {[%emt 0:00:01]} 38. R8c7+ {[%emt 0:00:00]} Kb8 {[%emt 0:00:01]} 39. Rxf7 {[%emt 0:00:00]} Qe1+ {[%emt 0:00:02] Time Time Time (Lag: Av=0.52s, max=1.0s) (Lag: Av=0.52s, max=1.0s) (Lag: Av=0.52s, max=1.0s) . . .} 0-1

[Event "Stay Safe Play From Home 383"]
[Site "Emanuel Lasker Arena"]
[Date "2020.08.14"]
[Round "8"]
[White "Tavares"]
[Black "NTBT_DHS"]
[Result "0-1"]
[WhiteElo "1701"]
[BlackElo "2528"]
[PlyCount "74"]
[EventDate "2020.08.14"]
[EventType "swiss (blitz)"]

1. d4 {[%emt 0:00:03]} g6 {[%emt 0:00:00]} 2. c4 {[%emt 0:00:00]} Bg7 {[%emt 0:00:00]} 3. Nc3 {[%emt 0:00:00]} Nf6 {[%emt 0:00:00]} 4. e4 {[%emt 0:00:01]} O-O {[%emt 0:00:00]} 5. e5 {[%emt 0:00:01]} Ne8 {[%emt 0:00:01]} 6. Nf3 {[%emt 0:00:00]} d6 {[%emt 0:00:00]} 7. exd6 {[%emt 0:00:01]} Nxd6 {[%emt 0:00:00]} 8. Be2 {[%emt 0:00:00]} Na6 {[%emt 0:00:00]} 9. c5 {[%emt 0:00:01]} Nf5 {[%emt 0:00:01]} 10. O-O {[%emt 0:00:01]} Nxd4 {[%emt 0:00:00]} 11. Be3 {[%emt 0:00:02]} e5 {[%emt 0:00:04]} 12. Qd2 {[%emt 0:00:03]} Nxc5 {[%emt 0:00:01]} 13. Rad1 {[%emt 0:00:02]} Bf5 {[%emt 0:00:02]} 14. Bxd4 {[%emt 0:00:01]} exd4 {[%emt 0:00:00]} 15. Nxd4 {[%emt 0:00:01]} Bxd4 {[%emt 0:00:02]} 16. Qxd4 {[%emt 0:00:02]} Qxd4 {[%emt 0:00:00]} 17. Rxd4 {[%emt 0:00:01]} Rad8 {[%emt 0:00:00]} 18. Rfd1 {[%emt 0:00:02]} Rxd4 {[%emt 0:00:00]} 19. Rxd4 {[%emt 0:00:00]} c6 {[%emt 0:00:00]} 20. Bf3 {[%emt 0:00:02]} Re8 {[%emt 0:00:01]} 21. g4 {[%emt 0:00:01]} Be6 {[%emt 0:00:01]} 22. Ne4 {[%emt 0:00:02]} Nxe4 {[%emt 0:00:03]} 23. Rxe4 {[%emt 0:00:00]} Rd8 {[%emt 0:00:00]} 24. Re2 {[%emt 0:00:03]} Bxa2 {[%emt 0:00:02]} 25. Kg2 {[%emt 0:00:00]} Be6 {[%emt 0:00:01]} 26. g5 {[%emt 0:00:01]} Kg7 {[%emt 0:00:01]} 27. h4 {[%emt 0:00:00]} Rd4 {[%emt 0:00:01]} 28. Re4 {[%emt 0:00:02]} Rxe4 {[%emt 0:00:01]} 29. Bxe4 {[%emt 0:00:01]} Bd5 {[%emt 0:00:00]} 30. Bxd5 {[%emt 0:00:01]} cxd5 {[%emt 0:00:00]} 31. f4 {[%emt 0:00:00]} b5 {[%emt 0:00:02]} 32. Kf3 {[%emt 0:00:00]} a5 {[%emt 0:00:00]} 33. Ke3 {[%emt 0:00:00]} a4 {[%emt 0:00:00]} 34. Kd4 {[%emt 0:00:00]} b4 {[%emt 0:00:00]} 35. Kxd5 {[%emt 0:00:01]} a3 {[%emt 0:00:00]} 36. bxa3 {[%emt 0:00:01]} bxa3 {[%emt 0:00:00]} 37. Kc4 {[%emt 0:00:00]} a2 {[%emt 0:00:00] Tavares resigns Tavares resigns Tavares resigns (Lag: Av=0.63s, max=1.2s) (Lag: Av=0.63s, max=1.2s) (Lag: Av=0.63s, max=1.2s)} 0-1

[Event "Stay Safe Play From Home 383"]
[Site "Emanuel Lasker Arena"]
[Date "2020.08.14"]
[Round "8"]
[White "Klasman"]
[Black "MihailoVujic"]
[Result "0-1"]
[WhiteElo "1355"]
[BlackElo "2265"]
[PlyCount "32"]
[EventDate "2020.08.14"]
[EventType "swiss (blitz)"]

1. f4 {[%emt 0:00:02]} e5 {[%emt 0:00:01]} 2. fxe5 {[%emt 0:00:01]} d6 {[%emt 0:00:00]} 3. Nf3 {[%emt 0:00:01]} dxe5 {[%emt 0:00:02]} 4. e4 {[%emt 0:00:01]} Bc5 {[%emt 0:00:01]} 5. b4 {[%emt 0:00:02]} Bb6 {[%emt 0:00:02]} 6. c4 {[%emt 0:00:01]} Bd4 {[%emt 0:00:02]} 7. Nxd4 {[%emt 0:00:03]} Qxd4 {[%emt 0:00:01]} 8. Nc3 {[%emt 0:00:05]} a5 {[%emt 0:00:03]} 9. Qf3 {[%emt 0:00:07]} axb4 {[%emt 0:00:04]} 10. Nb5 {[%emt 0:00:03]} Qxa1 {[%emt 0:00:02]} 11. Nxc7+ {[%emt 0:00:02]} Kd8 {[%emt 0:00:01]} 12. Kd1 {[%emt 0:00:09]} Rxa2 {[%emt 0:00:05]} 13. Qxf7 {[%emt 0:00:02]} Ne7 {[%emt 0:00:02]} 14. Nd5 {[%emt 0:00:06]} Re8 {[%emt 0:00:06]} 15. Be2 {[%emt 0:00:09]} Bd7 {[%emt 0:00:03]} 16. Nb6 {[%emt 0:00:04]} Ba4+ {[%emt 0:00:04] Time Time Time (Lag: Av=1.21s, max=2.0s) (Lag: Av=1.21s, max=2.0s) (Lag: Av=1.21s, max=2.0s)} 0-1

[Event "Stay Safe Play From Home 383"]
[Site "Emanuel Lasker Arena"]
[Date "2020.08.14"]
[Round "9"]
[White "Mepe_Nika"]
[Black "Lazieri3"]
[Result "1-0"]
[WhiteElo "2315"]
[BlackElo "2101"]
[PlyCount "25"]
[EventDate "2020.08.14"]
[EventType "swiss (blitz)"]

1. d4 {[%emt 0:00:01]} c6 {[%emt 0:00:00]} 2. e4 {[%emt 0:00:01]} d5 {[%emt 0:00:00]} 3. e5 {[%emt 0:00:00]} c5 {[%emt 0:00:01]} 4. dxc5 {[%emt 0:00:01]} e6 {[%emt 0:00:01]} 5. Be3 {[%emt 0:00:01]} Nc6 {[%emt 0:00:00]} 6. Bb5 {[%emt 0:00:01]} Qc7 {[%emt 0:00:01]} 7. f4 {[%emt 0:00:02]} Bd7 {[%emt 0:00:00]} 8. Nf3 {[%emt 0:00:01]} a6 {[%emt 0:00:01]} 9. Bxc6 {[%emt 0:00:01]} Qxc6 {[%emt 0:00:01]} 10. b4 {[%emt 0:00:02]} a5 {[%emt 0:00:01]} 11. Nd4 {[%emt 0:00:01]} axb4 {[%emt 0:00:00]} 12. Nxc6 {[%emt 0:00:01]} bxc6 {[%emt 0:00:00]} 13. O-O {[%emt 0:00:01] (Lag: Av=0.53s, max=1.0s)} 1-0

[Event "Stay Safe Play From Home 383"]
[Site "Emanuel Lasker Arena"]
[Date "2020.08.14"]
[Round "9"]
[White "IceQueen"]
[Black "Klasman"]
[Result "1-0"]
[WhiteElo "2252"]
[BlackElo "1355"]
[PlyCount "41"]
[EventDate "2020.08.14"]
[EventType "swiss (blitz)"]

1. e4 {[%emt 0:00:01]} f5 {[%emt 0:00:01]} 2. Nc3 {[%emt 0:00:00]} fxe4 {[%emt 0:00:05]} 3. d3 {[%emt 0:00:01]} Nf6 {[%emt 0:00:02]} 4. dxe4 {[%emt 0:00:01]} e5 {[%emt 0:00:01]} 5. Nf3 {[%emt 0:00:00]} Nc6 {[%emt 0:00:01]} 6. Bc4 {[%emt 0:00:01]} Bc5 {[%emt 0:00:03]} 7. Ng5 {[%emt 0:00:02]} Rf8 {[%emt 0:00:04]} 8. Nxh7 {[%emt 0:00:01]} d5 {[%emt 0:00:08]} 9. exd5 {[%emt 0:00:08]} Nd4 {[%emt 0:00:02]} 10. Nxf8 {[%emt 0:00:03]} Kxf8 {[%emt 0:00:05]} 11. O-O {[%emt 0:00:01]} Bg4 {[%emt 0:00:03]} 12. Qd2 {[%emt 0:00:02]} Qd7 {[%emt 0:00:05]} 13. Kh1 {[%emt 0:00:03]} Qf5 {[%emt 0:00:02]} 14. Bd3 {[%emt 0:00:03]} Qh5 {[%emt 0:00:02]} 15. Qg5 {[%emt 0:00:01]} Qxg5 {[%emt 0:00:03]} 16. Bxg5 {[%emt 0:00:00]} Bh5 {[%emt 0:00:06]} 17. f4 {[%emt 0:00:01]} exf4 {[%emt 0:00:02]} 18. Rxf4 {[%emt 0:00:00]} Ke7 {[%emt 0:00:02]} 19. Re1+ {[%emt 0:00:01]} Kd6 {[%emt 0:00:02]} 20. Bxf6 {[%emt 0:00:01]} gxf6 {[%emt 0:00:02]} 21. Rxf6+ {[%emt 0:00:00] ' ' ' (Lag: Av=0.49s, max=0.9s) (Lag: Av=0.49s, max=0.9s) (Lag: Av=0.49s, max=0.9s)} 1-0

[Event "Stay Safe Play From Home 383"]
[Site "Emanuel Lasker Arena"]
[Date "2020.08.14"]
[Round "9"]
[White "Hickey"]
[Black "TheCHESSHOUSE"]
[Result "1-0"]
[WhiteElo "2144"]
[BlackElo "2028"]
[PlyCount "65"]
[EventDate "2020.08.14"]
[EventType "swiss (blitz)"]

1. Nf3 {[%emt 0:00:01]} g6 {[%emt 0:00:01]} 2. b3 {[%emt 0:00:00]} Bg7 {[%emt 0:00:00]} 3. d4 {[%emt 0:00:01]} d6 {[%emt 0:00:00]} 4. Bb2 {[%emt 0:00:01]} Nf6 {[%emt 0:00:00]} 5. c4 {[%emt 0:00:00]} O-O {[%emt 0:00:00]} 6. Nbd2 {[%emt 0:00:00]} c6 {[%emt 0:00:00]} 7. e3 {[%emt 0:00:00]} Nbd7 {[%emt 0:00:00]} 8. Be2 {[%emt 0:00:00]} Qc7 {[%emt 0:00:00]} 9. O-O {[%emt 0:00:02]} e5 {[%emt 0:00:00]} 10. Re1 {[%emt 0:00:01]} Re8 {[%emt 0:00:02]} 11. h3 {[%emt 0:00:01]} e4 {[%emt 0:00:00]} 12. Nh2 {[%emt 0:00:01]} d5 {[%emt 0:00:00]} 13. Nhf1 {[%emt 0:00:01]} b6 {[%emt 0:00:01]} 14. Rc1 {[%emt 0:00:01]} Qd6 {[%emt 0:00:00]} 15. Nb1 {[%emt 0:00:01]} Nh5 {[%emt 0:00:01]} 16. Qc2 {[%emt 0:00:03]} Bb7 {[%emt 0:00:01]} 17. cxd5 {[%emt 0:00:01]} cxd5 {[%emt 0:00:00]} 18. Qc7 {[%emt 0:00:01]} Qf6 {[%emt 0:00:05]} 19. Qxd7 {[%emt 0:00:01]} Bc8 {[%emt 0:00:01]} 20. Qc7 {[%emt 0:00:02]} Be6 {[%emt 0:00:04]} 21. Qh2 {[%emt 0:00:02]} Bf8 {[%emt 0:00:02]} 22. Ba3 {[%emt 0:00:01]} Bg7 {[%emt 0:00:02]} 23. Bd6 {[%emt 0:00:01]} Bh6 {[%emt 0:00:01]} 24. Be5 {[%emt 0:00:01]} Qe7 {[%emt 0:00:00]} 25. Nc3 {[%emt 0:00:01]} f6 {[%emt 0:00:01]} 26. Bd6 {[%emt 0:00:01]} Qf7 {[%emt 0:00:00]} 27. Nb5 {[%emt 0:00:01]} f5 {[%emt 0:00:01]} 28. Nc7 {[%emt 0:00:01]} f4 {[%emt 0:00:00]} 29. Nxa8 {[%emt 0:00:02]} Rxa8 {[%emt 0:00:01]} 30. Bxh5 {[%emt 0:00:01]} gxh5 {[%emt 0:00:01]} 31. Bxf4 {[%emt 0:00:00]} Bg7 {[%emt 0:00:01]} 32. Be5 {[%emt 0:00:01]} Rf8 {[%emt 0:00:01]} 33. Qg3 {[%emt 0:00:01] TheCHESSHOUSE resigns TheCHESSHOUSE resigns TheCHESSHOUSE resigns (Lag: Av=0.83s, max=1.1s) (Lag: Av=0.83s, max=1.1s) (Lag: Av=0.83s, max=1.1s)} 1-0

[Event "Stay Safe Play From Home 383"]
[Site "Emanuel Lasker Arena"]
[Date "2020.08.14"]
[Round "9"]
[White "Trotsky"]
[Black "NTBT_DHS"]
[Result "0-1"]
[WhiteElo "1607"]
[BlackElo "2528"]
[PlyCount "42"]
[EventDate "2020.08.14"]
[EventType "swiss (blitz)"]

1. d4 {[%emt 0:00:05]} g6 {[%emt 0:00:00]} 2. e3 {[%emt 0:00:01]} Bg7 {[%emt 0:00:00]} 3. c4 {[%emt 0:00:01]} Nf6 {[%emt 0:00:00]} 4. Nc3 {[%emt 0:00:01]} O-O {[%emt 0:00:00]} 5. Qd2 {[%emt 0:00:00]} d6 {[%emt 0:00:00]} 6. Qc2 {[%emt 0:00:01]} Nbd7 {[%emt 0:00:00]} 7. Bd3 {[%emt 0:00:01]} e5 {[%emt 0:00:00]} 8. Nf3 {[%emt 0:00:01]} exd4 {[%emt 0:00:00]} 9. exd4 {[%emt 0:00:01]} Re8+ {[%emt 0:00:00]} 10. Be3 {[%emt 0:00:01]} Ng4 {[%emt 0:00:00]} 11. O-O-O {[%emt 0:00:01]} Nxe3 {[%emt 0:00:00]} 12. fxe3 {[%emt 0:00:01]} Rxe3 {[%emt 0:00:00]} 13. h4 {[%emt 0:00:01]} Nf6 {[%emt 0:00:01]} 14. Ng5 {[%emt 0:00:01]} Nh5 {[%emt 0:00:02]} 15. g4 {[%emt 0:00:01]} Nf4 {[%emt 0:00:01]} 16. h5 {[%emt 0:00:01]} Qxg5 {[%emt 0:00:01]} 17. hxg6 {[%emt 0:00:01]} Nxd3+ {[%emt 0:00:01]} 18. Kb1 {[%emt 0:00:05]} hxg6 {[%emt 0:00:01]} 19. Rxd3 {[%emt 0:00:01]} Rxd3 {[%emt 0:00:00]} 20. Qxd3 {[%emt 0:00:01]} Bxg4 {[%emt 0:00:00]} 21. Qe3 {[%emt 0:00:03]} Qxe3 {[%emt 0:00:01] Trotsky Ñäàåòñÿ Trotsky Ñäàåòñÿ Trotsky Ñäàåòñÿ (Lag: Av=0.53s, max=0.7s) (Lag: Av=0.53s, max=0.7s) (Lag: Av=0.53s, max=0.7s)} 0-1